Buying a home unit in Australia and New Zealand
| Main Author: | |
|---|---|
| Format: | Book |
| Published: |
North Ryde :
CCH Australia Ltd ,
1981
|
| Subjects: |
MARC
| LEADER | 00000cam a2200000 7i4500 | ||
|---|---|---|---|
| 001 | 0000002127 | ||
| 005 | 20050614.0 | ||
| 040 | |a INS | ||
| 090 | 0 | 0 | |a TH148. |b B931 1981 |
| 100 | 1 | |a Bugden, Cary F. | |
| 245 | 1 | 0 | |a Buying a home unit in Australia and New Zealand |c Cary F. Bugden |
| 260 | |a North Ryde : |b CCH Australia Ltd , |c 1981 | ||
| 300 | |a 114 p ; |c 23 cm. | ||
| 500 | |a Include Index | ||
| 650 | 0 | 0 | |a House buying |z Australia |
| 650 | 0 | 0 | |a House buying |z New Zealand |
| 710 | 2 | ||
| 999 | |a 0000000510 |b BOOK |c Open Shelf |e Default branch | ||